| 000 | 00665nam a22001935i 4500 | ||
|---|---|---|---|
| 001 | 169767 | ||
| 003 | ES-MaACL | ||
| 005 | 20251109135009.0 | ||
| 008 | 081125s2003 uy |||| | spa d | ||
| 080 | _a821.134.2(82) Echevarría, Esteban .06 | ||
| 100 | 1 |
_aAbadie-Aicardi, Aníbal, _917952 |
|
| 245 | 1 | 1 |
_aEsteban Echevarría, entre la tierra y el destierro _b: [1805-1851] / _cAníbal Abadie-Aicardi. |
| 250 | _a3ª ed. ampl. | ||
| 260 |
_aMontevideo : _bAras, _c2003. |
||
| 300 |
_a61 p. ; _c22 cm. |
||
| 600 | 1 | 4 |
_aEcheverría, Esteban, _d1805-1851 _946572 |
| 852 |
_aES-MaACL _j2238-F-26 _9R.144159 _z.- Dedicatoria autógrafa |
||
| 999 |
_c169767 _d169767 |
||